• 首页
  • 本馆介绍
  • 公告通知
  • 最新文献
  • 馆藏检索
  • 电子资源
  • 读者导购
  • 参考咨询
  • 我的图书馆
  • 登录
  • 详细信息显示
  • 放入我的书架
  • 预约/预借图书
  • 作者相关作品
  • 分类相关作品
  • 丛书相关作品
  • 出版社相关作品

书目信息

  • 表格格式
  • 工作单格式
  • 卡片格式
题名:
代数学辞典问题解法
    
 
作者: 笹部貞市郎 著 ;张明樑 译
分册: 下册  
出版信息: 上海   上海教育出版社  1982
页数: 978页
开本: 20cm
丛书名:
单 册:
中图分类: O15-61
科图分类:
主题词: 组合数学 , 代数 , 数论
电子资源:
ISBN:
000 00675nam0 2200217 450
001 0732828906
005 20070903090708.90
010    @b精装@d¥5.10
100    @a20070903d km y0chiy0120 ea
101 0  @achi
200 1  @a代数学辞典问题解法@Adai shu xue ci dian wen ti jie fa@h下册@f(日)笹部貞市郎著@F(ri)xiao bu zhen shi lang zhu@g张明樑译@Gzhang ming liang yi
210    @a上海@c上海教育出版社@d1982
215    @a978页@d20cm
606 0  @a组合数学
606 0  @a代数
606 0  @a数论
690    @aO15-61@v3
701  0 @a笹部貞市郎@Axiao bu zhen shi lang@4著
702  0 @a张明樑@Azhang ming liang@4译
801  0 @aCN@bPFT@c20070903
905    @a213230@dO15-61@eS81:2@f1
    
    代数学辞典问题解法.下册/(日)笹部貞市郎著/张明樑译.-上海:上海教育出版社,1982
    978页;20cm
    
    
    ISBN (精装):¥5.10
    
●
相关链接 在E读中查询图书 在五车中查询图书 在当当中查询图书 在豆瓣中查询图书


正题名:代数学辞典问题解法     索取号:O15-61/S81:2         预约/预借

序号 登录号 条形码 馆藏地/架位号 状态 备注
1 6704431   267044316   密集书库-数信学院/ [索取号:O15-61/S81:2] 在馆    
唐山师范学院图书馆 欢迎您!
大连网信软件有限公司© 版权所有